000
00333nam a22001457a 4500
008
210426b ||||| |||| 00| 0 eng d
020
_a
9780763757496
041
_a
eng
080
_2
2nd
_a
53
082
_a
53
100
_a
43
101
_a
FIZ
245
_a
Fundamentals of Fire Fighter Skills
_c
Douglas. C. Ott
942
_2
udc
_c
BK
999
_c
56712
_d
56712